| 000 | 00546cam a2200193ua 4500 | ||
|---|---|---|---|
| 001 | 417 | ||
| 008 | 110331n ii |||gr||||Z||||||eng | ||
| 020 | _a0-7069-9904-5 | ||
| 040 | _cMAIN | ||
| 082 | _a327 | ||
| 245 | 1 | 1 |
_aInternational relations. : _bforeign policies of major powers and regional systems. / _cBy Prakash Chandra. |
| 250 | _a2nd. | ||
| 260 |
_aNew Delhi.: _bVikash publishing.,999. |
||
| 300 | _a370 p.:5 cm. | ||
| 653 | _aPolitical science. | ||
| 653 | _aInternational relations. | ||
| 700 | _aChandra, Prakash., | ||
| 942 | _cBK | ||
| 999 |
_c362 _d362 |
||